000
00280nam a2200097Ia 4500
001
691334
005
20250826161833.0
008
250824s9999 xx 000 0 und d
245
0
_a
PSİKANALİTİK KİŞİLİK ÇALIŞMALARI
_c
MENEKŞE ARIK
260
_b
TÜRKİYE İŞ BANKASI YAYINLARI
999
_c
691334
_d
691334